Gaming Quiz

Random Gaming or Board Games Quiz

Board Games by Two Words Quiz Stats

 Plays Quiz Updated May 31, 2014

Support Sporcle.
Go Orange.
Score 0/20 Timer 05:00
3 Plays Today
Two Words Board Game % Correct
Community ChestMonopoly
92.7%
King MeCheckers
92.5%
Lead PipeClue
90.7%
Triple LetterScrabble
88.4%
Aircraft CarrierBattleship
84.5%
Northern EuropeRisk
76.6%
History WedgeTrivial Pursuit
76.2%
Cheese WheelMouse Trap
74.7%
Millionaire AcresThe Game Of Life
70.1%
Molasses SwampCandy Land
63.7%
Two Words Board Game % Correct
Pop-O-Matic DieTrouble
60.7%
Large StraightYahtzee
56.5%
Writer's CrampOperation
44%
20-Sided DieScattergories
36.9%
Resource CardsThe Settlers of Catan
28.2%
En PassantChess
27.3%
Safety ZoneSorry!
26.9%
Data HeadCranium
25.6%
Square 100Chutes and Ladders
24.8%
Doubling CubeBackgammon
16.1%

You're not logged in!

Compare scores with friends on all Sporcle quizzes.
OR
Log In
Forgot?

From the Vault

Landmarks Venn Diagram

by chaosBEE

The Venn Diagram between "are these landmarks" and "are these on Earth" is a circle.
Remove Ads.
Support Sporcle.
Get the best of Sporcle when you Go Orange. This ad-free experience offers more features, more stats, and more fun while also helping to support Sporcle. Thank you for becoming a member.

Show Comments

Extras

Top Quizzes Today


Score Distribution

Your Account Isn't Verified!

In order to create a playlist on Sporcle, you need to verify the email address you used during registration. Go to your Sporcle Settings to finish the process.

Report this User

Report this user for behavior that violates our Community Guidelines.

Details: